รู้หน้า (จอ) ไม่รู้ใจ : ถอดรหัสภาษากายดิจิทัลเพื่อการสื่อสารธุรกิจ-สานสัมพันธ์ในชีวิตยุคใหม่ = (ระเบียนเลขที่ 106886)
| 000 -LEADER | |
|---|---|
| fixed length control field | 03217 a2200289 4500 |
| 003 - CONTROL NUMBER IDENTIFIER | |
| control field | NALT |
| 005 - DATE AND TIME OF LATEST TRANSACTION | |
| control field | 20250721111232.0 |
| 008 - FIXED-LENGTH DATA ELEMENTS--GENERAL INFORMATION | |
| fixed length control field | 250612b th ||||| |||| 00| 0 tha d |
| 020 ## - INTERNATIONAL STANDARD BOOK NUMBER | |
| International Standard Book Number | 9786168339251 |
| 040 ## - CATALOGING SOURCE | |
| Original cataloging agency | NALT |
| 041 1# - LANGUAGE CODE | |
| Language code of text/sound track or separate title | tha |
| Language code of original | eng |
| 050 ## - LIBRARY OF CONGRESS CALL NUMBER | |
| Classification number | TK 5103.7 |
| Item number | ด291ร 2566 |
| 100 1# - MAIN ENTRY--PERSONAL NAME | |
| Personal name | ดะวาน, เอริกา. |
| 9 (RLIN) | 66064 |
| 245 10 - TITLE STATEMENT | |
| Title | รู้หน้า (จอ) ไม่รู้ใจ : ถอดรหัสภาษากายดิจิทัลเพื่อการสื่อสารธุรกิจ-สานสัมพันธ์ในชีวิตยุคใหม่ = |
| Remainder of title | Digital body language : how to build trust and connection, no matter the distance / |
| Statement of responsibility, etc. | โดย Erica Dhawan ; สุญญาตา เมี้ยนละม้าย, แปล |
| 250 ## - EDITION STATEMENT | |
| Edition statement | พิมพ์ครั้งที่ 1. |
| 260 ## - PUBLICATION, DISTRIBUTION, ETC. | |
| Place of publication, distribution, etc. | กรุงเทพฯ : |
| Name of publisher, distributor, etc. | บุ๊คสเคป, |
| Date of publication, distribution, etc. | 2566. |
| 300 ## - PHYSICAL DESCRIPTION | |
| Extent | 318 หน้า : |
| Other physical details | ภาพประกอบ, ตาราง ; |
| Dimensions | 21 ซม. |
| 505 2# - FORMATTED CONTENTS NOTE | |
| Formatted contents note | ส่วนที่หนึ่ง องค์ประกอบของรูปแบบภาษากายดิจิทัล --<br/>1 ภาษากายดิจิทัล คือ อะไร --<br/>2 ทำไมคุณถึงเครียดนัก จับทิศทางในเกมแห่งอำนาจและความวิตกกังวล --<br/>3 คุณจะบอกอะไร กันแน่ รู้จักอ่านระหว่างบรรทัด --<br/>ส่วนที่สอง กฎสี่ข้อของภาษากายดิจิทัล --<br/>4 ให้ค่าให้ได้ใจ เคารพฉันบ้าง! --<br/>5 สื่อสารอย่างใส่ใจ คิดก่อนพิมพ์ --<br/>6 ร่วมมืออย่างมั่นใจ ทีมเวิร์กในยุคดิจิทัล --<br/>7 เชื่อใจทั้งหัวใจ สร้างนวัตกรรมใหม่ให้เร็วขึ้นและล้ำขึ้นไปด้วยกัน --<br/>ส่วนที่สาม ข้ามผ่านความแตกต่างด้วยภาษากายดิจิทัล --<br/>8 เพศสภาพ เขาบอกว่า เธอบอกว่า เขาบอกว่า --<br/>9 ช่วงวัย หัวเก่า หัวใหม่ --<br/>10 วัฒนธรรม ความหมายที่หล่นหายเมื่อสื่อสารข้ามภาษา --<br/>บทสรุป. |
| 650 #4 - SUBJECT ADDED ENTRY--TOPICAL TERM | |
| Topical term or geographic name entry element | การสื่อสารด้วยระบบดิจิทัล |
| 9 (RLIN) | 23030 |
| 650 #4 - SUBJECT ADDED ENTRY--TOPICAL TERM | |
| Topical term or geographic name entry element | เทคโนโลยีสารสนเทศ |
| General subdivision | แง่สังคม |
| 9 (RLIN) | 39184 |
| 650 #4 - SUBJECT ADDED ENTRY--TOPICAL TERM | |
| Topical term or geographic name entry element | การสื่อสารระหว่างบุคคล |
| 9 (RLIN) | 15758 |
| 700 0# - ADDED ENTRY--PERSONAL NAME | |
| Personal name | สุญญาตา เมี้ยนละม้าย. |
| 9 (RLIN) | 66328 |
| 942 ## - ADDED ENTRY ELEMENTS (KOHA) | |
| Koha item type | General Book |
| Source of classification or shelving scheme | Library of Congress Classification |
| 996 ## - STAFF PROCESSING RECORDS (NALT) | |
| Staff name | jidapa.t |
| Staff type | ACQSTF |
| Acquisition or Cataloging date | 2025-06-12 |
| 996 ## - STAFF PROCESSING RECORDS (NALT) | |
| Staff name | varee.k |
| Staff type | LIBSTF |
| Acquisition or Cataloging date | 2025-06-26 |
| 996 ## - STAFF PROCESSING RECORDS (NALT) | |
| Staff name | jamriang.p |
| Staff type | CATSTF |
| Acquisition or Cataloging date | 2025-07-21 |
| 998 ## - STAFF NAME (NALT) | |
| -- | 1020 |
| -- | นางจำเรียง ระวังสำโรง |
| Withdrawn status | Lost status | Source of classification or shelving scheme | Damaged status | Not for loan | Collection code | Home library | Current library | Shelving location | Date acquired | Source of acquisition | Total Checkouts | Full call number | Barcode | Date last seen | Price effective from | Koha item type |
|---|---|---|---|---|---|---|---|---|---|---|---|---|---|---|---|---|
| Library of Congress Classification | General Book collection | National Assembly Library of Thailand | National Assembly Library of Thailand | General Book shelves | 05/06/2025 | 192 | TK 5103.7 ด291ร 2566 | 3961215405 | 05/06/2025 | 05/06/2025 | General Book |
